Muscles of the foot - Statistics

General Stats
  • This quiz has been taken 13 times
  • The average score is 5 of 12
Answer Stats
Picture Answer % Correct
Flexor Hallucis Brevis
88%
Adductor Hallucis
75%
Flexor Digitorum Brevis
75%
Abductor Hallucis
63%
Abductor Digiti Minimi
50%
Extensor Hallucis Brevis
50%
Lumbricals
50%
Extensor Digitorum Brevis
25%
Flexor Digiti Minimi Brevis
25%
Dorsal Interossei
13%
Flexor Digitorum Accessorius
0%
Plantar Interossei
0%
No matching quizzes found
Score Distribution
Percent of People with Each Score
Percentile by Number Answered
Your Score History
You have not taken this quiz